00277nam a2200121Ia 4500008004100000100001800041245002600059260002500085300000900110650001200119942000700131999001700138190216s9999||||xx |||||||||||||| ||und|| aGoldstein A M 0aDictionary Of Physics bCbs Publishersc2000 a292p aPhysics cBK c33054d33054